[Event "DEM U10 2018"]
[Site "Willingen GER"]
[Date "2018.05.25"]
[Round "9"]
[White "Cromm, Mika"]
[Black "Ivanov, Alexander"]
[Result "1-0"]
[Termination "normal"]
[Board "29"]
[WhiteElo "1374"]
[BlackElo "1155"]
[PlyCount "51"]
[WhiteFideId "16244915"]
[BlackFideId "34604472"]
[EventCountry "GER"]
[EventRounds "11"]
[EventType "swiss"]
[EventDate "2018.05.19"]

1. d4 f5 2. Nf3 e6 3. g3 Nf6 4. Bg2 Be7 5. O-O O-O 6. c4 d6 7. Nc3 Qe8 8. Re1
Nc6 9. d5 Nd8 10. a3 a5 11. Qc2 Qh5 12. Qb3 e5 13. Nb5 c6 14. Nc7 Rb8 15. Bd2
b6 16. Bxa5 Rb7 17. Bxb6 Nd7 18. c5 dxc5 19. dxc6+ Qf7 20. Qxf7+ Rxf7 21. cxb7
Nxb7 22. Nd5 e4 23. Nd2 Bd6 24. Nc4 Bb8 25. Bh3 Nf8 26. Rac1 1-0

[Event "DEM U10 2018"]
[Site "Willingen GER"]
[Date "2018.05.25"]
[Round "9"]
[White "Westedt, Felix"]
[Black "Sinka, Silas"]
[Result "1/2-1/2"]
[Termination "normal"]
[Board "30"]
[WhiteElo "1049"]
[BlackElo "1186"]
[PlyCount "109"]
[WhiteFideId "16265874"]
[BlackFideId "16265823"]
[EventCountry "GER"]
[EventRounds "11"]
[EventType "swiss"]
[EventDate "2018.05.19"]

1. e4 d6 2. d4 Nf6 3. Nc3 g6 4. Bg5 Nbd7 5. Nf3 Bg7 6. Bd3 O-O 7. O-O h6 8. Bf4
Re8 9. Re1 e5 10. Be3 Ng4 11. Bd2 exd4 12. Nxd4 Bxd4 13. Qxg4 Nc5 14. Qf3 Bg7
15. Bc4 Re7 16. g4 Qe8 17. Bd3 b6 18. Rab1 Bb7 19. Nd5 Rd7 20. Bxh6 Bxd5 21.
exd5 Qf8 22. Bg5 Nxd3 23. Qxd3 f6 24. Bd2 Qf7 25. Bc3 Re8 26. Qd4 Rde7 27. Kf1
f5 28. Qxg7+ Qxg7 29. Bxg7 Kxg7 30. gxf5 gxf5 31. c3 Rxe1+ 32. Rxe1 Rxe1+ 33.
Kxe1 Kf6 34. f4 Kg6 35. Kf2 Kh5 36. Kg3 a5 37. a4 Kg6 38. b4 Kh5 39. h3 Kg6 40.
Kh4 Kh6 41. Kg3 Kh5 42. h4 Kh6 43. bxa5 bxa5 44. c4 Kh5 45. Kh3 Kg6 46. Kg2 Kh5
47. Kg3 Kh6 48. h5 Kxh5 49. Kh3 Kg6 50. Kh4 Kh6 51. Kg3 Kh5 52. Kh3 Kg6 53. Kh4
Kh6 54. Kg3 Kh5 55. Kh3 1/2-1/2

[Event "DEM U10 2018"]
[Site "Willingen GER"]
[Date "2018.05.25"]
[Round "10"]
[White "Ermitsch, Magnus"]
[Black "Hagner, Bennet"]
[Result "0-1"]
[Termination "time forfeit"]
[Board "1"]
[WhiteElo "1560"]
[BlackElo "1833"]
[WhiteClock "00:00:32"]
[BlackClock "00:22:18"]
[PlyCount "78"]
[WhiteFideId "16234464"]
[BlackFideId "16224477"]
[EventCountry "GER"]
[EventRounds "11"]
[EventType "swiss"]
[EventDate "2018.05.19"]

1. e4 {[%clk 1:14:52]} 1... c6 {[%clk 1:15:32]} 2. d4 {[%clk 1:13:51]} 2... d5
{[%clk 1:15:31]} 3. exd5 {[%clk 1:12:29]} 3... cxd5 {[%clk 1:15:38]} 4. Bd3 {
[%clk 1:10:55]} 4... Nc6 {[%clk 1:15:30]} 5. c3 {[%clk 1:09:48]} 5... Nf6 {
[%clk 1:15:32]} 6. Bf4 {[%clk 1:07:55]} 6... Bg4 {[%clk 1:15:31]} 7. Qb3 {
[%clk 1:05:57]} 7... Qd7 {[%clk 1:14:42]} 8. Nd2 {[%clk 1:04:58]} 8... e6 {
[%clk 1:14:33]} 9. Ngf3 {[%clk 1:02:48]} 9... Be7 {[%clk 1:09:50]} 10. O-O {
[%clk 0:59:52]} 10... O-O {[%clk 1:10:03]} 11. Ne5 {[%clk 0:58:30]} 11... Nxe5
{[%clk 1:09:01]} 12. dxe5 {[%clk 0:58:49]} 12... Nh5 {[%clk 0:58:17]} 13. Be3 {
[%clk 0:58:42]} 13... g6 {[%clk 0:57:25]} 14. f3 {[%clk 0:56:40]} 14... Bf5 {
[%clk 0:57:43]} 15. Be2 {[%clk 0:56:52]} 15... Qc7 {[%clk 0:56:19]} 16. f4 {
[%clk 0:52:55]} 16... Ng7 {[%clk 0:51:50]} 17. Rad1 {[%clk 0:51:03]} 17... Bc5
{[%clk 0:49:28]} 18. Bxc5 {[%clk 0:47:55]} 18... Qxc5+ {[%clk 0:49:52]} 19. Kh1
{[%clk 0:48:07]} 19... Qe3 {[%clk 0:49:05]} 20. Bb5 {[%clk 0:46:22]} 20... a6 {
[%clk 0:46:18]} 21. Rfe1 {[%clk 0:42:13]} 21... Qxf4 {[%clk 0:45:26]} 22. Be2 {
[%clk 0:42:05]} 22... b5 {[%clk 0:39:10]} 23. Nf3 {[%clk 0:36:36]} 23... Be4 {
[%clk 0:35:33]} 24. Qb4 {[%clk 0:22:13]} 24... Nf5 {[%clk 0:32:20]} 25. Bd3 {
[%clk 0:19:24]} 25... a5 {[%clk 0:31:24]} 26. Rxe4 {[%clk 0:12:24]} 26... dxe4
{[%clk 0:31:28]} 27. Qxe4 {[%clk 0:12:43]} 27... Qxe4 {[%clk 0:31:30]} 28. Bxe4
{[%clk 0:13:08]} 28... Rad8 {[%clk 0:31:45]} 29. Re1 {[%clk 0:11:12]} 29... b4
{[%clk 0:27:33]} 30. c4 {[%clk 0:08:59]} 30... Nd4 {[%clk 0:27:32]} 31. b3 {
[%clk 0:07:47]} 31... Nxf3 {[%clk 0:26:28]} 32. Bxf3 {[%clk 0:07:57]} 32... Rd2
{[%clk 0:26:23]} 33. Ra1 {[%clk 0:07:35]} 33... Rc2 {[%clk 0:24:18]} 34. Kg1 {
[%clk 0:06:15]} 34... Rd8 {[%clk 0:23:46]} 35. a3 {[%clk 0:05:52]} 35... Rb2 {
[%clk 0:22:32]} 36. axb4 {[%clk 0:02:46]} 36... axb4 {[%clk 0:22:54]} 37. Bd1 {
[%clk 0:00:35]} 37... Rdd2 {[%clk 0:22:06]} 38. Bf3 {[%clk 0:00:31]} 38... Rxb3
{[%clk 0:22:13]} 39. c5 {[%clk 0:00:32]} 39... Rc3 { [%clk 0:22:18]
Zeitueberschreitung} 0-1

[Event "DEM U10 2018"]
[Site "Willingen GER"]
[Date "2018.05.25"]
[Round "10"]
[White "Costa, Leonardo"]
[Black "Deuer, Marius"]
[Result "0-1"]
[Termination "normal"]
[Board "2"]
[WhiteElo "1848"]
[BlackElo "1842"]
[WhiteClock "00:02:47"]
[BlackClock "00:04:43"]
[PlyCount "102"]
[WhiteFideId "16213955"]
[BlackFideId "16236432"]
[EventCountry "GER"]
[EventRounds "11"]
[EventType "swiss"]
[EventDate "2018.05.19"]

1. e4 {[%clk 1:15:58]} 1... c5 {[%clk 1:15:53]} 2. Nf3 {[%clk 1:16:24]} 2...
Nc6 {[%clk 1:16:19]} 3. d4 {[%clk 1:16:47]} 3... cxd4 {[%clk 1:16:45]} 4. Nxd4
{[%clk 1:17:08]} 4... g6 {[%clk 1:17:08]} 5. c4 {[%clk 1:17:18]} 5... Bg7 {
[%clk 1:17:29]} 6. Be3 {[%clk 1:17:34]} 6... Nf6 {[%clk 1:17:26]} 7. Nc3 {
[%clk 1:17:57]} 7... d6 {[%clk 1:17:22]} 8. Be2 {[%clk 1:18:07]} 8... O-O {
[%clk 1:17:45]} 9. Nc2 {[%clk 1:18:13]} 9... Nd7 {[%clk 1:17:32]} 10. O-O {
[%clk 1:18:07]} 10... Nc5 {[%clk 1:15:15]} 11. f3 {[%clk 1:17:49]} 11... a5 {
[%clk 1:14:38]} 12. Qd2 {[%clk 1:15:06]} 12... Be6 {[%clk 1:10:34]} 13. b3 {
[%clk 1:09:36]} 13... Ne5 {[%clk 1:01:49]} 14. Rac1 {[%clk 1:08:07]} 14... Qc7
{[%clk 0:43:09]} 15. Rfd1 {[%clk 1:02:13]} 15... Rfc8 {[%clk 0:36:40]} 16. Nd4
{[%clk 0:53:04]} 16... Nc6 {[%clk 0:28:56]} 17. Nxe6 {[%clk 0:51:01]} 17...
fxe6 {[%clk 0:22:48]} 18. Bf1 {[%clk 0:47:34]} 18... Be5 {[%clk 0:16:59]} 19.
Qf2 {[%clk 0:40:08]} 19... b6 {[%clk 0:08:20]} 20. Qh4 {[%clk 0:37:07]} 20...
a4 {[%clk 0:04:38]} 21. Bxc5 {[%clk 0:29:23]} 21... bxc5 {[%clk 0:04:27]} 22.
Nxa4 {[%clk 0:29:24]} 22... Bd4+ {[%clk 0:04:41]} 23. Kh1 {[%clk 0:29:37]}
23... Nb4 {[%clk 0:04:21]} 24. a3 {[%clk 0:28:03]} 24... Nc6 {[%clk 0:04:05]}
25. Qh3 {[%clk 0:27:56]} 25... e5 {[%clk 0:03:39]} 26. Qh6 {[%clk 0:15:44]}
26... Na5 {[%clk 0:03:22]} 27. b4 {[%clk 0:13:32]} 27... Nb3 {[%clk 0:03:21]}
28. Rb1 {[%clk 0:13:31]} 28... Rxa4 {[%clk 0:03:49]} 29. Rxb3 {[%clk 0:13:53]}
29... Rca8 {[%clk 0:03:44]} 30. Qc1 {[%clk 0:11:21]} 30... cxb4 {[%clk 0:02:47]
} 31. axb4 {[%clk 0:11:22]} 31... Ra1 {[%clk 0:03:10]} 32. Rb1 {[%clk 0:10:57]}
32... Qb6 {[%clk 0:03:01]} 33. c5 {[%clk 0:04:58]} 33... dxc5 {[%clk 0:02:14]}
34. Qc4+ {[%clk 0:04:32]} 34... Kg7 {[%clk 0:02:11]} 35. Rxa1 {[%clk 0:04:26]}
35... Rxa1 {[%clk 0:02:26]} 36. Rxa1 {[%clk 0:04:53]} 36... Bxa1 { [%clk
0:02:46]} 37. bxc5 {[%clk 0:04:55]} 37... Qc7 {[%clk 0:01:43]} 38. Qd5 { [%clk
0:03:46]} 38... Bd4 {[%clk 0:01:51]} 39. c6 {[%clk 0:04:08]} 39... Bb6 { [%clk
0:01:31]} 40. Bc4 {[%clk 0:04:19]} 40... Qd6 {[%clk 0:01:31]} 41. Qf7+ { [%clk
0:02:05]} 41... Kh6 {[%clk 0:00:47]} 42. Qf8+ {[%clk 0:01:05]} 42... Kg5 {[%clk
0:09:16]} 43. h4+ {[%clk 0:15:21]} 43... Kxh4 {[%clk 0:07:53]} 44. Qh6+ {[%clk
0:15:18]} 44... Kg3 {[%clk 0:08:17]} 45. Qh2+ {[%clk 0:14:34]} 45... Kf2 {[%clk
0:08:32]} 46. Qg1+ {[%clk 0:13:41]} 46... Kg3 {[%clk 0:08:55]} 47. Qxb6 {[%clk
0:12:13]} 47... Qd2 {[%clk 0:08:15]} 48. Be2 {[%clk 0:07:34]} 48... Qc1+ {[%clk
0:04:17]} 49. Bd1 {[%clk 0:06:35]} 49... Qh6+ {[%clk 0:04:22]} 50. Kg1 { [%clk
0:06:52]} 50... Qd2 {[%clk 0:04:45]} 51. Be2 {[%clk 0:02:47]} 51... Qxe2 {[%clk
0:04:43]} 0-1

[Event "DEM U10 2018"]
[Site "Willingen GER"]
[Date "2018.05.25"]
[Round "10"]
[White "Nitsche, Nikolai"]
[Black "Kempe, Caius Emilian"]
[Result "0-1"]
[Termination "normal"]
[Board "3"]
[WhiteElo "1810"]
[BlackElo "1522"]
[WhiteClock "00:01:28"]
[BlackClock "00:52:52"]
[PlyCount "140"]
[WhiteFideId "16221036"]
[BlackFideId "16246861"]
[EventCountry "GER"]
[EventRounds "11"]
[EventType "swiss"]
[EventDate "2018.05.19"]

1. e4 {[%clk 1:15:53]} 1... c5 {[%clk 1:15:51]} 2. Nf3 {[%clk 1:16:11]} 2... d6
{[%clk 1:15:49]} 3. d4 {[%clk 1:16:03]} 3... cxd4 {[%clk 1:16:02]} 4. Qxd4 {
[%clk 1:16:23]} 4... a6 {[%clk 1:16:13]} 5. c4 {[%clk 1:16:14]} 5... Nc6 {
[%clk 1:16:18]} 6. Qe3 {[%clk 1:15:35]} 6... g6 {[%clk 1:15:52]} 7. h3 { [%clk
1:15:44]} 7... Bg7 {[%clk 1:16:08]} 8. Be2 {[%clk 1:15:28]} 8... Nf6 { [%clk
1:16:08]} 9. Nc3 {[%clk 1:15:10]} 9... O-O {[%clk 1:16:06]} 10. O-O { [%clk
1:15:20]} 10... Be6 {[%clk 1:15:39]} 11. Rb1 {[%clk 1:13:55]} 11... Qc7 { [%clk
1:10:14]} 12. b3 {[%clk 1:12:31]} 12... Qa5 {[%clk 1:07:09]} 13. Bb2 { [%clk
1:10:03]} 13... Rfc8 {[%clk 1:07:04]} 14. Rfd1 {[%clk 1:00:51]} 14... Na7
{[%clk 1:05:51]} 15. Nd4 {[%clk 0:48:26]} 15... Bd7 {[%clk 1:05:43]} 16. Bf3 {
[%clk 0:45:01]} 16... Rab8 {[%clk 1:05:03]} 17. Qd2 {[%clk 0:27:55]} 17... b5 {
[%clk 1:03:43]} 18. cxb5 {[%clk 0:20:41]} 18... Nxb5 {[%clk 1:03:05]} 19. Ndxb5
19... axb5 {[%clk 1:02:20]} 20. Nd5 {[%clk 0:06:15]} 20... Qxd2 {[%clk 1:02:28]
} 21. Rxd2 {[%clk 0:06:07]} 21... Nxd5 {[%clk 0:58:08]} 22. exd5 { [%clk
0:05:41]} 22... Bxb2 {[%clk 0:57:34]} 23. Rdxb2 {[%clk 0:05:30]} 23... b4
{[%clk 0:57:23]} 24. Re1 {[%clk 0:04:34]} 24... e6 {[%clk 0:57:01]} 25. Bg4 {
[%clk 0:04:12]} 25... Re8 {[%clk 0:55:37]} 26. Rbe2 {[%clk 0:04:03]} 26... f5 {
[%clk 0:54:11]} 27. dxe6 {[%clk 0:04:08]} 27... Bb5 {[%clk 0:54:28]} 28. Bf3 {
[%clk 0:02:48]} 28... Bxe2 {[%clk 0:54:31]} 29. Rxe2 {[%clk 0:03:13]} 29... Re7
{[%clk 0:54:13]} 30. Rd2 {[%clk 0:02:48]} 30... Rb6 {[%clk 0:54:21]} 31. Bd5 {
[%clk 0:02:20]} 31... Kg7 {[%clk 0:52:42]} 32. f4 {[%clk 0:02:27]} 32... h6 {
[%clk 0:51:38]} 33. Kf2 {[%clk 0:02:18]} 33... g5 {[%clk 0:49:59]} 34. g3 {
[%clk 0:01:35]} 34... Ra6 {[%clk 0:48:03]} 35. Kf3 {[%clk 0:00:44]} 35... Ra5 {
[%clk 0:47:59]} 36. Bc4 {[%clk 0:00:42]} 36... d5 {[%clk 0:44:07]} 37. Bxd5 {
[%clk 0:00:54]} 37... Kf6 {[%clk 0:43:13]} 38. fxg5+ 38... hxg5 {[%clk 0:43:30]
} 39. Bc4 {[%clk 0:00:52]} 39... Rc5 {[%clk 0:42:11]} 40. Rd6 {[%clk 0:00:44]}
40... Ra5 {[%clk 0:41:40]} 41. Rd2 {[%clk 0:01:08]} 41... Rc5 {[%clk 0:41:45]}
42. Rd6 {[%clk 0:05:35]} 42... Rcc7 {[%clk 0:56:57]} 43. g4 {[%clk 0:03:40]}
43... fxg4+ {[%clk 0:54:57]} 44. Kxg4 {[%clk 0:03:36]} 44... Ra7 { [%clk
0:54:56]} 45. Rd2 {[%clk 0:03:42]} 45... Ra5 {[%clk 0:54:00]} 46. Rf2+ { [%clk
0:03:44]} 46... Kg6 {[%clk 0:53:54]} 47. Bd3+ {[%clk 0:02:23]} 47... Kg7 {[%clk
0:53:26]} 48. Bc4 {[%clk 0:02:29]} 48... Rc5 {[%clk 0:53:12]} 49. Rf5 { [%clk
0:02:12]} 49... Rxf5 {[%clk 0:52:39]} 50. Kxf5 {[%clk 0:02:25]} 50... Ra7
{[%clk 0:51:40]} 51. Kxg5 {[%clk 0:02:47]} 51... Kf8 {[%clk 0:51:52]} 52. Kf5 {
[%clk 0:02:54]} 52... Rxa2 {[%clk 0:52:14]} 53. Ke5 {[%clk 0:02:56]} 53... Rd2
{[%clk 0:52:14]} 54. h4 {[%clk 0:03:19]} 54... Ke7 {[%clk 0:52:29]} 55. Kf5 {
[%clk 0:02:04]} 55... Rh2 {[%clk 0:52:00]} 56. Kg5 {[%clk 0:02:08]} 56... Rc2 {
[%clk 0:52:21]} 57. h5 {[%clk 0:01:05]} 57... Rxc4 {[%clk 0:52:12]} 58. bxc4 {
[%clk 0:01:27]} 58... b3 {[%clk 0:52:11]} 59. h6 {[%clk 0:01:21]} 59... b2 {
[%clk 0:52:24]} 60. h7 {[%clk 0:01:33]} 60... b1=Q {[%clk 0:52:20]} 61. h8=Q
61... Qg1+ {[%clk 0:52:21]} 62. Kh6 {[%clk 0:02:28]} 62... Qh2+ {[%clk 0:52:47]
} 63. Kg7 {[%clk 0:02:49]} 63... Qe5+ {[%clk 0:52:27]} 64. Kg8 {[%clk 0:02:16]}
64... Qxe6+ {[%clk 0:52:00]} 65. Kh7 {[%clk 0:01:13]} 65... Qf5+ { [%clk
0:51:33]} 66. Kh6 {[%clk 0:01:12]} 66... Qh3+ {[%clk 0:51:38]} 67. Kg7 { [%clk
0:01:30]} 67... Qg4+ {[%clk 0:51:59]} 68. Kh6 {[%clk 0:00:51]} 68... Qh4+
{[%clk 0:52:20]} 69. Kg7 {[%clk 0:01:15]} 69... Qg5+ {[%clk 0:52:41]} 70. Kh7 {
[%clk 0:01:28]} 70... Kf7 {[%clk 0:52:52]} 0-1

[Event "DEM U10 2018"]
[Site "Willingen GER"]
[Date "2018.05.25"]
[Round "10"]
[White "Möller, Maurin"]
[Black "Grabs, Peter"]
[Result "1-0"]
[Termination "normal"]
[Board "4"]
[BlackTitle "CM"]
[WhiteElo "1500"]
[BlackElo "1480"]
[WhiteClock "00:29:03"]
[BlackClock "00:49:29"]
[PlyCount "119"]
[WhiteFideId "16265696"]
[BlackFideId "16203887"]
[EventCountry "GER"]
[EventRounds "11"]
[EventType "swiss"]
[EventDate "2018.05.19"]

1. e4 {[%clk 1:15:58]} 1... e6 {[%clk 1:15:28]} 2. d4 {[%clk 1:16:24]} 2... d5
{[%clk 1:15:42]} 3. Nd2 {[%clk 1:16:49]} 3... Nf6 {[%clk 1:16:07]} 4. e5 {
[%clk 1:17:15]} 4... Nfd7 {[%clk 1:16:34]} 5. f4 {[%clk 1:17:39]} 5... c5 {
[%clk 1:16:56]} 6. c3 {[%clk 1:18:06]} 6... Nc6 {[%clk 1:17:15]} 7. Ndf3 {
[%clk 1:18:31]} 7... cxd4 {[%clk 1:16:44]} 8. cxd4 {[%clk 1:18:50]} 8... Nb6 {
[%clk 1:16:37]} 9. g3 {[%clk 1:19:03]} 9... Bd7 {[%clk 1:16:55]} 10. Bd3 {
[%clk 1:19:08]} 10... Rc8 {[%clk 1:17:07]} 11. Kf2 {[%clk 1:18:57]} 11... Nb4 {
[%clk 1:17:17]} 12. Bb1 {[%clk 1:18:26]} 12... Qc7 {[%clk 1:17:30]} 13. Ne2 {
[%clk 1:18:30]} 13... Nc2 {[%clk 1:17:40]} 14. Bxc2 {[%clk 1:18:44]} 14... Qxc2
{[%clk 1:18:06]} 15. Qxc2 {[%clk 1:17:14]} 15... Rxc2 {[%clk 1:18:27]} 16. Ne1
{[%clk 1:17:39]} 16... Rc7 {[%clk 1:18:39]} 17. b3 {[%clk 1:16:41]} 17... Be7 {
[%clk 1:18:13]} 18. Bb2 {[%clk 1:14:23]} 18... O-O {[%clk 1:17:14]} 19. Nd3 {
[%clk 1:14:42]} 19... Bb5 {[%clk 1:16:46]} 20. Ke3 {[%clk 1:12:20]} 20... Rfc8
{[%clk 1:14:37]} 21. Rhc1 {[%clk 1:12:30]} 21... Kf8 {[%clk 1:14:32]} 22. Rxc7
{[%clk 1:12:40]} 22... Rxc7 {[%clk 1:14:28]} 23. Rc1 {[%clk 1:13:05]} 23...
Rxc1 {[%clk 1:14:23]} 24. Ndxc1 {[%clk 1:13:17]} 24... Ke8 {[%clk 1:13:58]} 25.
Nc3 {[%clk 1:13:30]} 25... Bd7 {[%clk 1:13:03]} 26. Nd3 {[%clk 1:13:22]} 26...
Kd8 {[%clk 1:12:24]} 27. a4 {[%clk 0:52:09]} 27... a6 {[%clk 1:09:44]} 28. f5 {
[%clk 0:51:59]} 28... a5 {[%clk 0:59:22]} 29. fxe6 {[%clk 0:51:12]} 29... fxe6
{[%clk 0:59:19]} 30. Ne2 {[%clk 0:50:48]} 30... g5 {[%clk 0:58:42]} 31. Bc3 {
[%clk 0:50:47]} 31... Na8 {[%clk 0:57:44]} 32. Bxa5+ {[%clk 0:50:58]} 32... b6
{[%clk 0:57:53]} 33. Bb4 {[%clk 0:50:54]} 33... Bxb4 {[%clk 0:58:01]} 34. Nxb4
{[%clk 0:51:19]} 34... Nc7 {[%clk 0:58:19]} 35. Kf3 {[%clk 0:50:06]} 35... h6 {
[%clk 0:58:11]} 36. Kg4 {[%clk 0:49:41]} 36... Be8 {[%clk 0:58:23]} 37. h4 {
[%clk 0:49:55]} 37... gxh4 {[%clk 0:58:34]} 38. gxh4 {[%clk 0:50:13]} 38... Ke7
{[%clk 0:57:31]} 39. Nf4 {[%clk 0:50:36]} 39... b5 {[%clk 0:57:02]} 40. a5 {
[%clk 0:50:48]} 40... Na8 {[%clk 0:57:09]} 41. Nh5 {[%clk 0:50:33]} 41... Bg6 {
[%clk 0:56:45]} 42. Nf6 {[%clk 0:50:14]} 42... Kf7 {[%clk 0:56:03]} 43. Na6 {
[%clk 0:48:20]} 43... Bc2 {[%clk 0:55:18]} 44. b4 {[%clk 0:48:40]} 44... Bd1+ {
[%clk 0:55:32]} 45. Kf4 {[%clk 0:48:52]} 45... Be2 {[%clk 0:53:02]} 46. Nc5 {
[%clk 0:27:35]} 46... Bd1 {[%clk 0:51:17]} 47. Ng4 {[%clk 0:27:30]} 47... Bxg4
{[%clk 0:50:11]} 48. Kxg4 {[%clk 0:25:47]} 48... Nc7 {[%clk 0:49:47]} 49. a6 {
[%clk 0:25:59]} 49... Kg7 {[%clk 0:48:30]} 50. a7 {[%clk 0:26:23]} 50... Kf7 {
[%clk 0:48:45]} 51. Kh5 {[%clk 0:26:32]} 51... Na8 {[%clk 0:47:43]} 52. Kxh6 {
[%clk 0:26:53]} 52... Ke7 {[%clk 0:48:03]} 53. Kg7 {[%clk 0:27:16]} 53... Kd8 {
[%clk 0:48:23]} 54. h5 {[%clk 0:27:33]} 54... Kc7 {[%clk 0:48:33]} 55. h6 {
[%clk 0:27:59]} 55... Kb6 {[%clk 0:48:43]} 56. h7 {[%clk 0:28:23]} 56... Kxa7 {
[%clk 0:49:06]} 57. h8=Q {[%clk 0:28:42]} 57... Nb6 {[%clk 0:49:13]} 58. Qd8 {
[%clk 0:28:58]} 58... Na8 {[%clk 0:49:09]} 59. Qd7+ {[%clk 0:29:03]} 59... Kb6
{[%clk 0:49:29]} 60. Qb7# 1-0

[Event "DEM U10 2018"]
[Site "Willingen GER"]
[Date "2018.05.25"]
[Round "10"]
[White "Strehse, Nelson"]
[Black "Poschadel, Andreas Gregor"]
[Result "0-1"]
[Termination "normal"]
[Board "5"]
[WhiteElo "1201"]
[BlackElo "1771"]
[WhiteClock "00:02:15"]
[BlackClock "00:01:33"]
[PlyCount "68"]
[WhiteFideId "16228898"]
[BlackFideId "16204948"]
[EventCountry "GER"]
[EventRounds "11"]
[EventType "swiss"]
[EventDate "2018.05.19"]

1. e4 {[%clk 1:15:51]} 1... e5 {[%clk 1:15:16]} 2. Nf3 {[%clk 1:16:00]} 2...
Nc6 {[%clk 1:15:26]} 3. Bc4 {[%clk 1:16:23]} 3... Bc5 {[%clk 1:15:37]} 4. b4 {
[%clk 1:16:41]} 4... Bxb4 {[%clk 1:15:49]} 5. c3 {[%clk 1:17:03]} 5... Be7 {
[%clk 1:11:07]} 6. d4 {[%clk 1:14:17]} 6... exd4 {[%clk 1:10:56]} 7. cxd4 {
[%clk 1:14:36]} 7... Bb4+ {[%clk 1:10:44]} 8. Bd2 {[%clk 1:14:17]} 8... Bxd2+ {
[%clk 1:10:44]} 9. Nbxd2 {[%clk 1:14:37]} 9... d6 {[%clk 1:06:15]} 10. O-O {
[%clk 1:11:03]} 10... Nge7 {[%clk 0:41:26]} 11. Ng5 {[%clk 1:02:33]} 11... d5 {
[%clk 0:21:44]} 12. exd5 {[%clk 1:01:13]} 12... Nxd5 {[%clk 0:17:42]} 13. Nxf7
{[%clk 0:59:59]} 13... Kxf7 {[%clk 0:17:53]} 14. Qf3+ {[%clk 0:59:52]} 14...
Qf6 {[%clk 0:17:53]} 15. Bxd5+ {[%clk 0:55:39]} 15... Kf8 {[%clk 0:17:46]} 16.
Bxc6 {[%clk 0:54:00]} 16... bxc6 {[%clk 0:18:09]} 17. Rac1 {[%clk 0:53:37]}
17... Ba6 {[%clk 0:16:34]} 18. Rfe1 {[%clk 0:50:44]} 18... Bb5 {[%clk 0:12:27]}
19. Re5 {[%clk 0:42:48]} 19... Kg8 {[%clk 0:10:40]} 20. Qxf6 {[%clk 0:42:22]}
20... gxf6 {[%clk 0:09:25]} 21. Rec5 {[%clk 0:41:50]} 21... Rd8 {[%clk 0:05:12]
} 22. Nf3 {[%clk 0:40:16]} 22... a6 {[%clk 0:03:32]} 23. Rd1 {[%clk 0:20:28]}
23... Rd5 {[%clk 0:03:22]} 24. Rdc1 {[%clk 0:19:24]} 24... Rd6 {[%clk 0:01:18]}
25. h3 {[%clk 0:10:10]} 25... h6 {[%clk 0:00:52]} 26. Re1 {[%clk 0:02:48]}
26... Kf7 {[%clk 0:00:57]} 27. Re4 {[%clk 0:02:04]} 27... Rhd8 {[%clk 0:01:01]}
28. Rh4 {[%clk 0:01:25]} 28... Kg7 {[%clk 0:01:10]} 29. Rhh5 {[%clk 0:01:01]}
29... Rd5 {[%clk 0:01:01]} 30. Rhxd5 {[%clk 0:01:02]} 30... Rxd5 { [%clk
0:01:25]} 31. Rxd5 {[%clk 0:01:14]} 31... cxd5 {[%clk 0:01:55]} 32. Kh2 { [%clk
0:01:30]} 32... Bc4 {[%clk 0:02:05]} 33. a3 {[%clk 0:01:52]} 33... Kf7 { [%clk
0:02:29]} 34. Kg3 {[%clk 0:02:15]} 34... Bd3 {[%clk 0:01:33]} 0-1

[Event "DEM U10 2018"]
[Site "Willingen GER"]
[Date "2018.05.25"]
[Round "10"]
[White "Müller, Maximilian"]
[Black "von Mettenheim, Johannes"]
[Result "0-1"]
[Termination "normal"]
[Board "6"]
[WhiteElo "1497"]
[BlackElo "1581"]
[WhiteClock "00:13:58"]
[BlackClock "00:37:49"]
[PlyCount "58"]
[WhiteFideId "16243552"]
[BlackFideId "16244818"]
[EventCountry "GER"]
[EventRounds "11"]
[EventType "swiss"]
[EventDate "2018.05.19"]

1. d4 {[%clk 1:15:58]} 1... d5 {[%clk 1:15:56]} 2. Nf3 {[%clk 1:16:22]} 2...
Nf6 {[%clk 1:16:21]} 3. e3 {[%clk 1:16:47]} 3... c5 {[%clk 1:16:47]} 4. Nbd2 {
[%clk 1:16:37]} 4... Nc6 {[%clk 1:16:59]} 5. c3 {[%clk 1:17:00]} 5... Bf5 {
[%clk 1:17:14]} 6. Be2 {[%clk 1:13:50]} 6... e6 {[%clk 1:17:38]} 7. Nh4 { [%clk
1:13:15]} 7... Bg6 {[%clk 1:17:58]} 8. Nxg6 {[%clk 1:13:08]} 8... hxg6 { [%clk
1:18:22]} 9. Nf3 {[%clk 1:11:30]} 9... Bd6 {[%clk 1:18:43]} 10. Bd2 { [%clk
1:07:55]} 10... Qc7 {[%clk 1:18:37]} 11. h3 {[%clk 1:06:08]} 11... Ne4 { [%clk
1:17:28]} 12. Bd3 {[%clk 1:01:29]} 12... Nf6 {[%clk 1:14:32]} 13. Rc1 { [%clk
1:00:29]} 13... c4 {[%clk 1:14:48]} 14. Bc2 {[%clk 1:00:45]} 14... b5 { [%clk
1:14:40]} 15. a3 {[%clk 0:57:32]} 15... a5 {[%clk 1:13:55]} 16. Ra1 { [%clk
0:54:30]} 16... Nd7 {[%clk 1:04:29]} 17. Qb1 {[%clk 0:47:07]} 17... f5 { [%clk
1:04:04]} 18. Ng5 {[%clk 0:43:23]} 18... Nf8 {[%clk 1:03:24]} 19. b3 { [%clk
0:38:30]} 19... Qe7 {[%clk 0:56:23]} 20. Nf3 {[%clk 0:38:07]} 20... Rb8 { [%clk
0:51:21]} 21. b4 {[%clk 0:38:06]} 21... a4 {[%clk 0:51:00]} 22. Rg1 { [%clk
0:32:49]} 22... g5 {[%clk 0:50:28]} 23. Kd1 {[%clk 0:27:45]} 23... Nd7 { [%clk
0:45:16]} 24. Kc1 {[%clk 0:28:00]} 24... g4 {[%clk 0:44:28]} 25. hxg4 { [%clk
0:25:21]} 25... fxg4 {[%clk 0:44:54]} 26. Ne1 {[%clk 0:24:00]} 26... Rf8 {[%clk
0:44:20]} 27. f3 {[%clk 0:20:48]} 27... Qh4 {[%clk 0:42:06]} 28. Kb2 { [%clk
0:17:27]} 28... Qf2 {[%clk 0:38:54]} 29. Bg6+ {[%clk 0:13:58]} 29... Kd8 {[%clk
0:37:49]} 0-1